000 00368nam a22001457a 4500
003 OSt
008 250221b |||||||| |||| 00| 0 eng d
041 _aeng
082 _a633.83
_bPRU/MI
100 _aPruthy, JS
_97221
245 _aMinor Spices and Condiments:
_bCrop Management and Post Harvest Technology
260 _bICAR,
_c2001.
300 _a782p.
942 _cBK
999 _c19436
_d19436